000 00794nam a2200229Ii 4500
003 JO-AjNU
008 230605s9999||||xx |||||||||||||| ||und||
017 _a1997/2847
020 _a977-01-5107-6
040 _aJO-AjNU
_bara
_erda
_cJO-AjNU
041 _aara
050 1 4 _aDS66.G8712 1997
100 3 _aتاليف جرنى، ا.ر؛ مراجعة الوائلي، فيصل؛ ترجمة ، محمد، محمد عبد القادر ,
_eauthor
_98586
245 0 0 _aالحيثيون
264 3 1 _aالقاهرة: الهيئة المصرية العامة للكتاب، 1997
300 _a263ص
336 _atext
_btxt
_2rdacontent
337 _aunmediated
_bn
_2rdamedia
338 _avolume
_bnc
_2rdacarrier
490 0 _aالالف كتاب الثاني
650 4 _aالحيثيون
_98587
999 _aA865
_c4433
_d4433